000 003040000a22001330004500
020 _a0-439-53771-1
082 0 4 _aB W29s
100 1 _aWatanabe Kaori
245 1 0 _aSweet Dreams / ilustrado por Kaori Watanabe
260 _aNew York : Scholastic
500 _aLibro de tela
001 1339
942 _cLGB
999 _c48506
_d48506